Normal view
MARC view
Entry Personal Name
001 - CONTROL NUMBER
- control field: 2547
003 - CONTROL NUMBER IDENTIFIER
- control field: OSt
005 - DATE AND TIME OF LATEST TRANSACTION
- control field: 20150120144047.0
008 - FIXED-LENGTH DATA ELEMENTS
- fixed length control field: 150120|| aca||aabn | a|a d
040 ## - CATALOGING SOURCE
- Original cataloging agency: OSt
- Transcribing agency: OSt
100 ## - HEADING--PERSONAL NAME
- Personal name: Dantzig, George B.
- Fuller form of name: (George Bernard),
- Dates associated with a name: 1914-2001.
670 ## - SOURCE DATA FOUND
- Source citation: Work cat.: (OSt)945: Dantzig, George B. (George Bernard), 1914-2001., Linear programming /, 2003.
